Tracklist - Death Race For Love By Juice WRLD - Statistics

General Stats
  • This quiz has been taken 6 times
  • The average score is 11 of 23
Answer Stats
Features Answer % Correct
Empty
100%
10 Feet
75%
HeMotions
75%
YoungBoy Never Broke Again Bandit
50%
Brent Faiyaz Demonz (Interlude)
50%
Desire
50%
Fast
50%
Feeling
50%
Flaws And Sins
50%
Hear Me Calling
50%
Make Believe
50%
Young Thug On God
50%
Robbery
50%
Syphilis
50%
The Bees Knees
50%
Who Shot Cupid?
50%
Big
25%
Out Of My Way
25%
Rider
25%
Rvssian, Clever Ring Ring
25%
She's The One
25%
Won't Let Go
25%
Haze
0%
No matching quizzes found
Score Distribution
Percent of People with Each Score
Percentile by Number Answered
Your Score History
You have not taken this quiz